000 00273nam a2200109Ia 4500
001 589093
005 20250717120842.0
008 250717s9999 xx 000 0 und d
245 0 _aX-3 DİNOZORLAR
_cCECILE JUGLA
260 _bBİNBİR ÇİÇEK YAYINLARI
_c2018
300 _b20
999 _c589093
_d589093